000 00352nam a22001577a 4500
020 _a978-93-525-3434-0
041 _aENG
100 _aGrover.B.L
245 _aA New Look at Modern Indian History
250 _a32 th
260 _aNew Delhi
_bS.Chand
_c2018
300 _a582
650 _aUPSC
700 _aMehta A
856 _uCompetitive Exam
999 _c224
_d224